|
|
|
|
| LEADER |
00000nam a2200000 a 4500 |
| 001 |
vtls001411253 |
| 003 |
SK-MaSNL |
| 005 |
20260302035053.0 |
| 008 |
160628s1994 xo 0 slo |
| 015 |
|
|
|a SNBJ2001/03-02091
|
| 020 |
|
|
|c 160,00 Sk
|
| 035 |
|
|
|a SNK000365957
|
| 040 |
|
|
|a SNK
|b slo
|c SNK
|e AACR2
|
| 044 |
|
|
|a xo
|c SK
|
| 080 |
|
|
|a 784.4:785.14(086.7)
|2 1981
|
| 080 |
|
|
|a 785.14
|2 1981
|
| 245 |
1 |
|
|a Bratia Muchovci. Jánošík, Jánošík
|h zvukový dokument
|
| 260 |
|
|
|a Bratislava
|b A.L.I.
|c 1994
|
| 300 |
|
|
|a 1 magnetofónová kazeta (59 min. 24 sek.)
|b stereo
|
| 500 |
|
|
|a Fotograf Z. Cintula
|
| 505 |
0 |
|
|a Obsahuje 22 piesní
|
| 511 |
|
|
|a Účinkuje Ľudová hudba bratia Muchovci
|
| 650 |
0 |
7 |
|a ľudová hudba
|x piesne ľudové
|x kazety magnetofónové
|2 SNK
|9 283675
|
| 650 |
0 |
7 |
|a piesne ľudové
|x kazety magnetofónové
|2 SNK
|9 283676
|
| 655 |
|
7 |
|a magnetofónové kazety
|2 SNK
|9 70693
|
| 700 |
1 |
|
|a Cintula, Z.
|4 fot
|9 687453
|
| 710 |
0 |
|
|a Ľudová hudba bratia Muchovci
|4 uci
|9 637317
|
| 999 |
|
|
|c 1069121
|d 1071051
|
| 952 |
|
|
|t P60, <03>, [BOOK], {603}
|a SNK
|b SNK
|y PREZ
|7 0
|p 17A0295084
|o snkK 2261
|i snkJK 308/2001
|0 0
|1 0
|4 0
|d 2001-04-10
|l 0
|r 2005-01-02 00:00:00
|w 2026-02-24
|